[Event "Tourn. n8876"]
[Site "www.chess-mail.com"]
[Date "2016.08.21"]
[Round "1"]
[White "Francesco"]
[Black "Jhzes"]
[WhiteElo "1970"]
[BlackElo "1870"]
[Result "1-0"]
[Round "1"]
1.e4 d6
2.d4 e6
3.Ng1f3 h6
4.Bf1c4 Bc8d7
5.O-O Bf8e7
6.Nb1c3 a6
7.Rf1e1 b5
8.Bc4d3 c6
9.e5 d5
10.Bc1d2 a5
11.Nc3e2 Be7g5
12.Bd2xg5 hxg5
13.Qd1d2 g4
14.Nf3g5 Rh8h5
15.h4 Rh5xh4
16.Ng5h7 g6
17.Nh7g5 Ng8h6
18.Ng5h7 Nh6g8
19.Nh7g5 Rh4h5
20.f4 gxf3
21.Ng5xf3 g5
22.Ne2g3 Rh5h8
23.Nf3xg5 f6
24.Bd3g6 Ke7
25.Ng5f7 Qd8f8
26.Nf7xh8 Qf8g7
27.exf6 Qg7xf6
28.Re1f1 Qf6xh8
29.Rf1f7 Kd8
30.Qd2g5 Kc7
31.Qg5e5 Qh8xe5
32.dxe5 Ng8h6
33.Rf7f8 Nh6g4
34.Ra1e1 c5
35.Ng3h5 d4
36.Nh5f6 Ng4xf6
37.exf6 Kd6
38.Bg6e8 Nb8c6
39.f7 Nc6e5
40.Re1f1 Ne5xf7
41.Rf1xf7 Bd7xe8
42.Kf2 c4
43.Ke2 Ra8c8
44.g4 b4
45.g5 Be8xf7
46.Rf8xc8 c3
47.bxc3 bxc3
48.Kd3 Bf7g6
49.Kxd4 Bg6xc2
50.Rc8xc3 Bc2g6
51.Rc3a3 e5
52.Ke3 Bg6b1
53.Ra3xa5 Ke6
54.Ra5a6 Kf7
55.a4 e4
56.a5 Ke7
57.g6 Kf8
58.Ra6a7 Kg8
59.a6 Bb1d3
60.Ra7a8 Kg7
61.a7 Bd3c4
62.Kxe4 Bc4b5
63.Kf5 Bb5c6
64.Ra8b8 Bc6d5
65.a8Q { resign }
1-0

[Event "Tourn. n8914"]
[Site "www.chess-mail.com"]
[Date "2016.08.21"]
[Round "1"]
[White "Fabos12"]
[Black "Jhzes"]
[WhiteElo "1950"]
[BlackElo "1960"]
[Result "1-0"]
[Round "1"]
1.d4 d6
2.c4 d5
3.cxd5 Qd8xd5
4.Nb1c3 Qd5c4
5.e4 Qc4b4
6.a3 Qb4b6
7.Ra1b1 e5
8.Bc1e3 exd4
9.Be3xd4 Qb6a5
10.Rb1c1 c5
11.Bf1b5 Bc8d7
12.Bb5xd7 Nb8xd7
13.Bd4e5 Nd7xe5
14.Qd1d5 Ne5c6
15.Qd5f5 Ng8h6
16.Qf5f4 b5
17.Ng1e2 b4
18.Nc3d5 bxa3
19.Ne2c3 Ra8c8
20.bxa3 Bf8e7
21.O-O g5
22.Qf4g3 Nh6g8
23.Nd5xe7 Ng8xe7
24.Qg3xg5 Ne7g6
25.Nc3d5 h6
26.Qg5f6 Rh8f8
27.Qf6d6 Qa5d8
28.Nd5f6 Qd8xf6
29.Qd6xf6 Nc6e5
30.Qf6a6 Rc8c7
31.Rf1d1 f6
32.Qa6e6 Rc7e7
33.Qe6c8 Kf7
34.Rd1d8 Ne5d3
35.Rd8xf8 Ng6xf8
36.Rc1c3 Nd3f4
37.Rc3xc5 Re7xe4
38.Qc8b7 Re4e7
39.Rc5c7 { resign }
1-0

[Event "Match"]
[Site "www.echecsemail.com"]
[Date "2016.08.21"]
[Round "1"]
[White "Silikon"]
[Black "Billyg"]
[WhiteElo "1629"]
[BlackElo "1590"]
[Result "1/2-1/2"]
[Round "1"]
1.e4 e5
2.Ng1f3 d6
3.Nb1c3 Ng8f6
4.d4 Nb8d7
5.Bc1g5 h6
6.Bg5h4 g5
7.Bh4g3 g4
8.Nf3h4 Nd7b6
9.dxe5 dxe5
10.Bg3xe5 Qd8xd1
11.Nc3xd1 Bf8e7
12.Be5xc7 O-O
13.e5 Nf6e4
14.Bf1d3 Ne4c5
15.Nh4f5 Nc5xd3
16.cxd3 Bc8xf5
17.O-O Bf5xd3
18.Rf1e1 Nb6d7
19.Re1e3 Bd3f5
20.Bc7a5 Be7c5
21.Re3g3 Nd7xe5
22.Ba5c3 Bc5d6
23.Nd1e3 Bf5e6
24.f4 Ne5d3
25.Ne3xg4 Bd6c5
26.Kh1 Bc5e7
27.Ng4xh6 Kh7
28.Rg3xd3 Kxh6
29.Rd3g3 f6
30.Ra1f1 Rf8g8
31.Rf1f3 Ra8d8
32.h3 Rg8xg3
33.Rf3xg3 Be6xa2
34.f5 Rd8d1
35.Kh2 Be7d6
36.Bc3xf6 Bd6xg3
37.Kxg3 Rd1f1
38.Kg4 Ba2b1
39.Bf6g5 Kh7
40.f6 Kg6
41.h4 Bb1f5
42.Kg3 Kh5
43.Bg5f4 Kg6
44.Bf4g5 Rf1h1
45.Kf4 Rh1f1
46.Kg3 a5
47.h5 Kxg5
48.f7 Bf5h7
49.Kh2 Rf1xf7

1/2-1/2

[Event "Match"]
[Site "www.echecsemail.com"]
[Date "2016.08.21"]
[Round "1"]
[White "Pellix84"]
[Black "Ditto"]
[WhiteElo "1960"]
[BlackElo "1850"]
[Result "0-1"]
[Round "1"]
1.d4 d5
2.c4 dxc4
3.Ng1f3 Bc8g4
4.e3 e6
5.Bf1xc4 Ng8f6
6.Nb1d2 Bf8b4
7.a3 Bb4a5
8.b4 Ba5b6
9.O-O O-O
10.Bc1b2 Nb8d7
11.h3 Bg4h5
12.Qd1b3 Bh5g6
13.Ra1d1 Nf6e4
 { time }
0-1

[Event "Match"]
[Site "www.echecsemail.com"]
[Date "2016.08.21"]
[Round "1"]
[White "Iko"]
[Black "Jhzes"]
[WhiteElo "1640"]
[BlackElo "1809"]
[Result "0-1"]
[Round "1"]
1.e4 e5
2.Ng1f3 Nb8c6
3.Bf1b5 Qd8f6
4.O-O Ng8e7
5.d3 Nc6d4
6.Nf3xd4 exd4
7.c3 c6
8.Bb5c4 b5
9.Bc4b3 dxc3
10.bxc3 b4
11.Qd1c2 bxc3
12.Rf1d1 d5
13.Qc2xc3 d4
14.Qc3c4 Bc8e6
15.Qc4b4 a5
16.Qb4b7 Ra8c8
17.Bb3xe6 Qf6xe6
18.f4 g6
19.Bc1a3 c5
20.Qb7b5 Qe6c6
21.Qb5xa5 Rc8a8
22.Qa5xc5 Qc6f6
23.e5 Qf6xf4
24.Rd1f1 Qf4e3
25.Rf1f2 Qe3xd3
26.Rf2d2 Qd3e3
27.Kf1 Ra8c8
28.Qc5b5 Ne7c6
29.Ba3xf8 Kxf8
30.Qb5c5 Kg7
31.Rd2e2 Qe3f4
32.Re2f2 Qf4xh2
33.g4 Qh2h1
34.Ke2 Qh1e4
35.Kf1 Qe4h1
36.Ke2 Qh1e4
37.Kf1 Rc8b8
38.Rf2f6 Rb8xb1
39.Ra1xb1 Qe4xb1
40.Ke2 Qb1xa2
41.Kd3 Qa2b1
42.Qc5c2 Nc6xe5
43.Kd2 Qb1xc2
44.Kxc2 Kxf6
45.g5 Kxg5
46.Kd2 Rh8c8
47.Kd1 d3
48.Kd2 Rc8a8
49.Kd1 Ne5f3
50.Kc1 d2
51.Kd1 Ra8a1
52.Kc2 d1Q
53.Kb2 Qd1d4
54.Kc2 Nf3e1
55.Kb3 Ra1b1
56.Ka2 Qd4a1

0-1

[Event "Match"]
[Site "www.echecsemail.com"]
[Date "2016.08.21"]
[Round "1"]
[White "Jhzes"]
[Black "Frisker"]
[WhiteElo "1950"]
[BlackElo "2270"]
[Result "0-1"]
[Round "1"]
1.e4 e6
2.f4 d5
3.e5 c5
4.c4 Nb8c6
5.Ng1f3 d4
6.g3 Bf8e7
7.Bf1d3 Ng8h6
8.Bd3e4 Bc8d7
9.a3 Nc6a5
10.b3 b5
11.Be4xa8 Qd8xa8
12.d3 Na5xb3
13.Qd1xb3 Qa8xf3
14.Rh1f1 Qf3b7
15.Nb1d2 Bd7c6
16.cxb5 Bc6g2
17.Rf1g1 Nh6g4
18.Qb3a4 O-O
19.Qa4b3 Ng4xh2
20.a4 Bg2d5
21.Qb3b1 Rf8b8
22.Ra1a2 Be7d8
23.Ra2b2 Bd8a5
24.Kd1 Ba5c3
25.Rb2c2 Bc3b4
26.Nd2e4 Nh2g4
27.Bc1d2 Bd5xe4
28.dxe4 Qb7xe4
29.Bd2xb4 Ng4f2
30.Kd2 Qe4e3
{ resign }
0-1

[Event "Match"]
[Site "www.echecsemail.com"]
[Date "2016.08.21"]
[Round "1"]
[White "Witpar"]
[Black "Jhzes"]
[WhiteElo "2650"]
[BlackElo "1970"]
[Result "1-0"]
[Round "1"]
1.d4 d5
2.c4 Bc8f5
3.Nb1c3 dxc4
4.e4 Bf5g6
5.Bf1xc4 e6
6.Ng1f3 Nb8d7
7.O-O c6
8.Qd1e2 b5
9.Bc4b3 h6
10.d5 b4
11.Rf1d1 bxc3
12.dxc6 Qd8a5
13.cxd7 Kd8
14.Bc1f4 Ng8f6
15.Nf3e5 Qa5c5
16.Qe2a6 Bg6xe4
17.Ne5xf7 { resign }
1-0

[Event "Match"]
[Site "www.echecsemail.com"]
[Date "2016.08.21"]
[Round "1"]
[White "Add"]
[Black "Drawlward"]
[WhiteElo "2050"]
[BlackElo "1809"]
[Result "0-1"]
[Round "1"]
1.e4 e5
2.Ng1f3 Nb8c6
3.Bf1c4 Ng8f6
4.Nb1c3 Bf8e7
5.h3 Nf6xe4
6.Bc4xf7 Kxf7
7.Nc3xe4 d5
8.Ne4g3 e4
9.Nf3h2 Rh8f8
10.c3 Kg8
11.d4 Be7d6
12.O-O Qd8h4
13.Qd1e1 Rf8f6
14.Bc1e3 Rf6g6
15.Qe1e2 Nc6e7
16.Kh1 Bc8xh3
17.gxh3 Qh4xh3
18.Rf1g1 Ne7f5
19.Qe2f1 Qh3h4
20.Rg1g2 Nf5xe3
21.fxe3 Ra8f8
22.Ng3f5 Rg6xg2
23.Qf1xg2 Rf8xf5
24.Ra1g1 Qh4xh2
25.Qg2xh2 Bd6xh2
26.Kxh2 Rf5h5
27.Kg2 Rh5g5
28.Kf2 Rg5xg1
29.Kxg1 g5
30.b3 h5
31.c4 c6
32.cxd5 cxd5
33.a4 Kf7
34.Kf2 a5
{ resign }
0-1

[Event "1/128 Finale"]
[Site "www.chess-mail.com"]
[Date "2016.08.21"]
[Round "1"]
[White "Mrfreeze"]
[Black "Emmanuel69"]
[WhiteElo "1499"]
[BlackElo "1860"]
[Result "0-1"]
[Round "1"]
1.d4 d5
2.c4 c6
3.Ng1f3 e6
4.g3 Ng8f6
5.Qd1c2 Bf8e7
6.Bf1g2 O-O
7.O-O Nb8d7
8.Nb1d2 h6
9.e4 dxe4
10.Nd2xe4 Nf6xe4
11.Qc2xe4 Nd7f6
12.Qe4e2 Rf8e8
13.Rf1d1 Be7f8
14.Nf3e5 Nf6d7
15.Qe2g4 Nd7f6
16.Qg4f3 g6
17.Bc1f4 g5
 { time }
0-1

[Event "1/128 Finale"]
[Site "www.chess-mail.com"]
[Date "2016.08.21"]
[Round "1"]
[White "Al3x"]
[Black "Attatroll"]
[WhiteElo "1499"]
[BlackElo "1900"]
[Result "1/2-1/2"]
[Round "1"]
1.d4 f5
2.g3 Ng8f6
3.Bf1g2 g6
4.Ng1f3 Bf8g7
5.O-O d6
6.c4 O-O
7.Nb1c3 c6
8.Rf1e1 Rf8e8
9.e4 fxe4
10.Nc3xe4 Nb8d7
11.Nf3g5 Nd7f8
12.d5 c5
13.Ne4xf6 exf6
14.Ng5e6 Nf8xe6
15.dxe6 Bc8xe6
16.Re1xe6 Re8xe6
17.Bg2d5 Kf7
18.Qd1g4 Qd8e7
19.Bc1d2 f5
20.Qg4e2 Bg7e5
21.Ra1e1 Ra8e8
22.b3 Kf6
23.h4 Qe7d7
24.Bd5xe6 Qd7xe6
25.Kg2 Be5d4
26.Qe2f3 Qe6d7
27.Bd2g5 Kf7
28.Qf3d5 Kf8
29.Re1xe8 Qd7xe8
30.Qd5xb7 Qe8e4
31.Qb7xe4 fxe4
32.g4 a6
33.Kg3 Kf7
34.Kf4 Bd4xf2
35.Kxe4 Ke6
36.h5 { draw }
1/2-1/2

[Event "1/128 Finale"]
[Site "www.chess-mail.com"]
[Date "2016.08.21"]
[Round "1"]
[White "Sbb"]
[Black "Sik"]
[WhiteElo "2650"]
[BlackElo "1800"]
[Result "0-1"]
[Round "1"]
1.d4 d5
2.c4 e6
3.Ng1f3 Ng8f6
4.g3 b6
5.cxd5 Qd8xd5
6.Bf1g2 Bc8b7
7.O-O Bf8e7
8.Nf3e5 Qd5xg2
{ resign }
0-1

[Event "Fast Game"]
[Site "www.echecsemail.com"]
[Date "2016.08.21"]
[Round "1"]
[White "Fvdp"]
[Black "Sachpat"]
[WhiteElo "1969"]
[BlackElo "1709"]
[Result "1/2-1/2"]
[Round "1"]
1.e4 c5
2.Nb1c3 Nb8c6
3.g3 g6
4.Bf1g2 Bf8g7
5.d3 d6
6.f4 e6
7.Ng1f3 Ng8e7
8.O-O O-O
9.Bc1e3 Nc6d4
10.Ra1b1 d5
11.Nc3e2 Nd4xf3
12.Bg2xf3 Qd8c7
13.c3 b6
14.e5 f6
15.exf6 Bg7xf6
16.d4 Ne7f5
17.Be3f2 c4
18.Qd1c2 b5
19.a3 a5
20.g4 Nf5d6
21.Ne2g3 Bf6g7
22.Bf2e3 Qc7d8
23.Qc2g2 Ra8a7
24.Rb1e1 Kh8
25.g5 b4
26.axb4 axb4
27.Re1a1 Qd8b6
28.h4 Rf8f7
29.h5 Ra7xa1
30.Rf1xa1 Rf7a7
31.Qg2f1 Nd6b5
32.Ra1xa7 Qb6xa7
33.h6 Bg7f8
34.Qf1e1 bxc3
35.bxc3 Bf8d6
36.Be3d2 Qa7f7
37.Qe1e3 Nb5a3
38.Bf3d1 Qf7b7
39.Bd2c1 Qb7b1
40.Bc1xa3 Qb1xd1
41.Kf2 Bd6c7
42.Ba3e7 Qd1c2
43.Ng3e2 Kg8
44.Be7f6 Bc8d7
45.Bf6e5 Bc7d8
46.Be5d6 Qc2f5
47.Qe3e5 Qf5xe5
48.Bd6xe5 Bd7a4
49.Ke1 Ba4c2
50.Kd2 Bc2f5
51.Ne2g3 Bf5d3
52.Ng3h1 Kf7
53.Nh1f2 Bd3f5
54.Nf2d1 Ke8
55.Nd1e3 { draw }
1/2-1/2

[Event "Fast Game"]
[Site "www.echecsemail.com"]
[Date "2016.08.21"]
[Round "1"]
[White "Jhzes"]
[Black "Cal"]
[WhiteElo "1670"]
[BlackElo "1650"]
[Result "1-0"]
[Round "1"]
1.d4 d5
2.Bc1f4 h6
3.c4 dxc4
4.Nb1c3 Nb8c6
5.Nc3b5 e5
6.dxe5 Qd8e7
7.e6 Bc8xe6
8.Nb5xc7 Qe7xc7
9.Bf4xc7 Bf8e7
10.Qd1a4 Ng8f6
11.Ng1f3 O-O
12.e3 a6
13.Bf1xc4 b5
14.Bc4xb5 axb5
15.Qa4xb5 Nc6b4
16.O-O Ra8a7
17.Bc7b6 Ra7b7
18.a3 Nb4c2
19.Ra1c1 Be6d7
20.Qb5a5 Rf8c8
21.Nf3e5 Bd7f5
22.Rf1d1 Nf6e4
23.Ne5xf7 Bf5g6
24.Nf7e5 Be7f6
25.Ne5xg6 Bf6xb2
26.Qa5d5 Kh7
27.Qd5xb7 Rc8c4
28.Ng6f8 Kg8
29.Qb7d5 Kxf8
30.Qd5d8 Kf7
31.Qd8d5 { resign }
1-0

[Event "Tourn. n8890"]
[Site "www.chess-mail.com"]
[Date "2016.08.22"]
[Round "1"]
[White "Jhzes"]
[Black "Picifarkinca"]
[WhiteElo "1950"]
[BlackElo "1920"]
[Result "0-1"]
[Round "1"]
1.d4 Ng8f6
2.c4 e6
3.Ng1f3 Bf8b4
4.Bc1d2 Bb4xd2
5.Nb1xd2 O-O
6.e3 d5
7.c5 c6
8.Bf1d3 Nb8d7
9.Qd1e2 Rf8e8
10.O-O e5
11.Nf3xe5 Nd7xe5
12.Bd3c2 Ne5g6
13.f3 Ng6f4
14.Qe2f2 Nf4e6
15.e4 dxe4
16.Nd2xe4 Nf6xe4
17.fxe4 Qd8xd4
18.Bc2b3 Qd4xf2
19.Rf1xf2 Re8e7
20.Ra1f1 Bc8d7
21.g3 Ra8f8
22.Rf2f5 Ne6d4
23.Rf5f4 Nd4xb3
24.axb3 Bd7e6
25.b4 Re7d7
26.g4 Rd7d4
27.e5 Rd4xf4
28.Rf1xf4 Rf8d8
29.Rf4f2 Rd8d4
30.h3 Rd4xb4
31.Kg2 Rb4c4
32.Kg3 Rc4xc5
33.Rf2d2 Rc5d5
{ resign }
0-1

[Event "Tourn. n8890"]
[Site "www.chess-mail.com"]
[Date "2016.08.22"]
[Round "1"]
[White "Picifarkinca"]
[Black "Fabos12"]
[WhiteElo "1920"]
[BlackElo "1940"]
[Result "1-0"]
[Round "1"]
1.e4 c5
2.c4 Nb8c6
3.Ng1f3 e5
4.Nb1c3 d6
5.Nc3d5 Ng8e7
6.Bf1d3 Bc8g4
7.h3 Bg4h5
8.g4 Bh5g6
9.a3 Ne7xd5
10.cxd5 Nc6d4
11.Nf3xd4 cxd4
12.Bd3b5 Ke7
13.O-O Bg6xe4
14.Bb5c4 a6
15.d3 Be4g6
16.f4 f6
17.a4 Kd7
18.fxe5 fxe5
19.Qd1b3 Kc7
20.Bc1d2 Qd8h4
21.Kg2 h5
22.Bd2e1 Qh4d8
23.Be1a5 Kc8
24.Ba5xd8 Kxd8
25.Qb3xb7 Ra8c8
26.Bc4xa6 Rc8c7
27.Rf1xf8 Rh8xf8
28.Qb7b8 { resign }
1-0

[Event "Tourn. n8897"]
[Site "www.chess-mail.com"]
[Date "2016.08.22"]
[Round "1"]
[White "Pimpampum"]
[Black "Orhany24"]
[WhiteElo "2210"]
[BlackElo "2180"]
[Result "0-1"]
[Round "1"]
1.e4 e5
2.f4 exf4
3.Ng1f3 d5
4.exd5 Qd8xd5
5.Nb1c3 Qd5d8
6.d4 Bf8d6
7.Bf1d3 Ng8f6
8.Qd1e2 Qd8e7
9.O-O O-O
10.Qe2xe7 Bd6xe7
11.Bc1xf4 c5
12.Nc3b5 Nb8a6
13.Rf1e1 Rf8e8
14.Bf4d6 Bc8e6
15.Bd6xe7 Re8xe7
16.c4 cxd4
17.Nf3xd4 Ra8e8
18.Nb5xa7 Na6c5
19.Bd3f1 Be6g4
20.Re1xe7 Re8xe7
21.h3 Bg4d7
22.Na7b5 g6
23.Nb5d6 Kg7
24.Ra1d1 h5
25.b4 Nc5a4
26.Rd1d2 Na4c3
27.Bf1d3 Nf6e4
28.Nd6xe4 Nc3xe4
29.Rd2e2 f5
30.g4 Kf6
31.gxf5 gxf5
32.Nd4f3 Re7g7
33.Re2g2 Rg7e7
34.Rg2e2 Re7g7
35.Kh2 Ne4g3
36.Re2d2 f4
37.b5 Bd7f5
38.Bd3xf5 Kxf5
39.c5 Ng3f1
{ resign }
0-1

[Event "Tourn. n8889"]
[Site "www.chess-mail.com"]
[Date "2016.08.22"]
[Round "1"]
[White "Mao"]
[Black "Picifarkinca"]
[WhiteElo "1870"]
[BlackElo "1920"]
[Result "0-1"]
[Round "1"]
1.e4 e5
2.Ng1f3 Nb8c6
3.Bf1c4 Ng8f6
4.Nb1c3 Bf8e7
5.d3 O-O
6.Bc1g5 h6
7.Bg5xf6 Be7xf6
8.O-O d6
9.h3 Rf8e8
10.Rf1e1 Nc6e7
11.Qd1e2 c6
12.Ra1d1 b5
13.Bc4b3 a5
 { time }
0-1

[Event "Tourn. n8896"]
[Site "www.chess-mail.com"]
[Date "2016.08.22"]
[Round "1"]
[White "Caspito"]
[Black "Picifarkinca"]
[WhiteElo "1880"]
[BlackElo "2000"]
[Result "1-0"]
[Round "1"]
1.e4 e5
2.Ng1f3 Nb8c6
3.Bf1c4 Qd8e7
4.O-O Ng8f6
5.Nf3g5 d5
6.exd5 Nc6d8
7.Rf1e1 Qe7d6
8.d4 e4
9.Ng5xe4 Nf6xe4
10.Re1xe4 Bf8e7
11.Bc1g5 f6
12.Bg5f4 Qd6b6
13.b3 f5
14.Re4e3 Kd7
15.c3 Be7f6
16.Nb1a3 Nd8f7
17.Bc4b5 c6
18.Bb5a4 g5
19.Bf4e5 Qb6d8
20.dxc6 bxc6
21.d5 Bf6xe5
22.Ba4xc6 { resign }
1-0

[Event "Tourn. n8849"]
[Site "www.chess-mail.com"]
[Date "2016.08.22"]
[Round "1"]
[White "Bichoraro92"]
[Black "Tomcapp"]
[WhiteElo "1499"]
[BlackElo "1520"]
[Result "1-0"]
[Round "1"]
1.d4 d5
2.e3 Ng8f6
3.f4 g6
4.Ng1f3 Nb8c6
5.Bf1d3 Bf8g7
6.O-O O-O
7.c3 a6
8.Nb1d2 b5
9.Qd1e2 Bc8g4
10.h3 Bg4xf3
11.Qe2xf3 e6
12.e4 b4
13.e5 Nf6e4
14.Nd2xe4 dxe4
15.Bd3xe4 bxc3
16.bxc3 Nc6a5
17.Be4xa8 Qd8xa8
18.Qf3xa8 Rf8xa8
19.Ra1b1 Na5c4
20.Rb1b7 c6
21.Kh2 h5
22.Rf1f2 a5
23.g4 hxg4
24.hxg4 Bg7h6
25.Kg3 Ra8d8
26.Kf3 c5
27.Ke4 a4
28.Rb7b5 Rd8c8
29.Rf2c2 Kg7
30.Kd3 cxd4
31.cxd4 Bh6xf4
32.Bc1xf4 Nc4a3
33.Rc2xc8 Na3xb5
34.Bf4g5 Nb5a3
35.Bg5f6 Kh7
36.Rc8h8 { resign }
1-0

[Event "Tourn. n8887"]
[Site "www.chess-mail.com"]
[Date "2016.08.22"]
[Round "1"]
[White "Conde7"]
[Black "Seger"]
[WhiteElo "2850"]
[BlackElo "2750"]
[Result "1/2-1/2"]
[Round "1"]
1.e4 c5
2.Ng1f3 d6
3.d4 cxd4
4.Nf3xd4 Ng8f6
5.Nb1c3 a6
6.h3 e5
7.Nd4b3 Bf8e7
8.Bf1e2 Bc8e6
9.O-O O-O
10.Bc1e3 Nb8d7
11.a4 Ra8c8
12.Be2f3 Rf8e8
13.a5 Nd7f8
14.Nc3a4 d5
15.exd5 Be6xd5
16.c3 Bd5xf3
17.Qd1xf3 e4
18.Qf3d1 Qd8c7
19.Qd1e2 Qc7e5
20.Na4b6 Be7d6
21.g3 Rc8d8
22.Be3d4 Qe5g5
23.Nb6c4 Nf8g6
24.Bd4xf6 Qg5xf6
25.Ra1d1 Bd6c7
26.Rd1xd8 Qf6xd8
27.Rf1d1 Qd8c8
28.Kg2 f5
29.Qe2d2 Re8d8
30.Qd2c2 Rd8e8
31.Qc2d2 { draw }
1/2-1/2

[Event "Tourn. n8883"]
[Site "www.chess-mail.com"]
[Date "2016.08.22"]
[Round "1"]
[White "Passaroa25"]
[Black "Cal"]
[WhiteElo "1570"]
[BlackElo "1670"]
[Result "0-1"]
[Round "1"]
1.e4 e5
2.c3 a6
3.f3 d6
4.d3 h6
5.Nb1d2 Ng8f6
6.Nd2b3 b6
7.Bc1d2 c5
8.c4 Bf8e7
9.Ng1e2 Bc8e6
10.Ne2g3 b5
11.Bd2a5 Qd8d7
12.Bf1e2 Nb8c6
13.O-O O-O
14.Ba5d2 b4
15.Qd1e1 Nf6h7
16.Bd2e3 f5
17.Be3f2 f4
18.Ng3f5 Be6xf5
19.exf5 Qd7xf5
20.Nb3d2 Nh7g5
21.b3 h5
22.h4 Ng5h7
23.Nd2e4 Nc6d8
24.g3 fxg3
25.Ne4xg3 Qf5g6
26.f4 Rf8xf4
27.Be2xh5 Qg6f6
28.Ng3e4 Qf6f5
29.Bf2g3 Rf4xf1
30.Qe1xf1 Qf5xh5
31.Qf1g2 Nd8f7
32.Ra1f1 Ra8f8
33.Qg2f3 Qh5g6
34.h5 Qg6h6
35.Kf2 Nf7g5
36.Qf3xf8 Be7xf8
37.Ne4xg5 Nh7xg5
38.Kg2 Qh6xh5
39.Rf1h1 Qh5f3
40.Kh2 Qf3e2
41.Kg1 Ng5f3

0-1

[Event "Tourn. n8906"]
[Site "www.chess-mail.com"]
[Date "2016.08.22"]
[Round "1"]
[White "Libiesse"]
[Black "Bichoraro92"]
[WhiteElo "2000"]
[BlackElo "2050"]
[Result "0-1"]
[Round "1"]
1.d4 d5
2.c4 e6
3.Ng1f3 f5
4.Qd1c2 c6
5.Nb1c3 Ng8f6
6.Bc1g5 Bf8e7
7.cxd5 exd5
8.e3 O-O
9.Bf1d3 Nf6e4
10.Bg5xe7 Qd8xe7
11.O-O Bc8e6
12.Nf3d2 Nb8d7
13.f3 Ne4xd2
14.Qc2xd2 c5
15.Rf1e1 cxd4
16.exd4 Qe7f6
17.Bd3b5 Nd7b6
18.Re1e5 a6
19.Bb5a4 Nb6c4
{ resign }
0-1

[Event "Tourn. n8908"]
[Site "www.chess-mail.com"]
[Date "2016.08.22"]
[Round "1"]
[White "Attatroll"]
[Black "Ison"]
[WhiteElo "1870"]
[BlackElo "1780"]
[Result "1/2-1/2"]
[Round "1"]
1.e4 e5
2.f4 exf4
3.Ng1f3 g5
4.Bf1c4 Bf8g7
5.c3 d6
6.d4 Nb8c6
7.O-O Bc8d7
8.Nf3xg5 Qd8xg5
9.Bc1xf4 Qg5g6
10.Qd1b3 O-O-O
11.Bc4xf7 Qg6xe4
12.Nb1d2 Qe4d3
13.Nd2f3 Ng8f6
14.Ra1d1 Qd3a6
15.Bf7c4 Qa6b6
16.Nf3g5 Rh8f8
17.Bf4g3 Qb6xb3
18.Bc4xb3 Rd8e8
19.Rd1e1 Re8xe1
20.Rf1xe1 h6
21.Ng5e6 { draw }
1/2-1/2

[Event "Tourn. n8870"]
[Site "www.chess-mail.com"]
[Date "2016.08.22"]
[Round "1"]
[White "Ztornad"]
[Black "Awfen"]
[WhiteElo "1830"]
[BlackElo "1970"]
[Result "0-1"]
[Round "1"]
1.Ng1f3 Nb8c6
2.d4 d5
3.Nf3e5 Nc6xe5
4.dxe5 e6
5.a3 Ng8e7
6.Bc1e3 Ne7g6
7.g3 Ng6xe5
8.Bf1h3 Ne5c4
9.Be3d4 e5
10.Bd4c3 Bc8xh3
11.b3 d4
12.Bc3b4 Bf8xb4
13.c3 Nc4b2
14.Qd1d2 dxc3
15.Qd2xd8 Ra8xd8
16.e3 Rd8d1
17.Ke2 Rd1xh1
18.Kf3 c2
19.axb4 c1Q
20.Ra1xa7 O-O
21.Nb1a3 f5
22.e4 fxe4
23.Kxe4 Rh1e1
24.Kd5 Rf8d8

0-1

[Event "Tourn. n8910"]
[Site "www.chess-mail.com"]
[Date "2016.08.22"]
[Round "1"]
[White "Bojan"]
[Black "Madz123456"]
[WhiteElo "1940"]
[BlackElo "1940"]
[Result "0-1"]
[Round "1"]
1.e4 c5
2.Ng1f3 Nb8c6
3.Bf1b5 e6
4.Bb5xc6 bxc6
5.e5 f6
6.d3 fxe5
7.Nf3xe5 Ng8f6
8.Nb1c3 Qd8c7
9.f4 d6
10.Ne5c4 d5
11.Nc4e5 Bf8d6
12.Qd1e2 O-O
13.O-O Nf6d7
14.Ne5xd7 Bc8xd7
15.g3 e5
16.fxe5 Rf8xf1
17.Qe2xf1 Ra8f8
18.Qf1e2 Bd6xe5
19.Bc1e3 d4
20.Nc3a4 dxe3
21.Kg2 Rf8f2
{ resign }
0-1

[Event "Tourn. n8899"]
[Site "www.chess-mail.com"]
[Date "2016.08.22"]
[Round "1"]
[White "Cal"]
[Black "Nulladies"]
[WhiteElo "1730"]
[BlackElo "1750"]
[Result "0-1"]
[Round "1"]
1.d4 Ng8f6
2.e4 b6
3.e5 Nf6d5
4.c4 Bc8b7
5.cxd5 Bb7xd5
6.Nb1c3 Bd5b7
7.Bc1f4 e6
8.a3 d5
9.Ng1f3 h6
10.h3 Bf8e7
11.Bf1d3 Nb8d7
12.b4 O-O
13.O-O g5
14.Bf4g3 c5
15.bxc5 bxc5
16.dxc5 Nd7xc5
17.Bd3b1 f5
18.Bg3h2 Qd8a5
19.Qd1d4 Nc5b3
20.Ra1a2 Nb3xd4
21.Nf3xd4 Qa5xc3
22.Nd4xe6 Rf8f7
23.Ra2c2 Qc3xa3
24.Rf1c1 Kh7
25.Ne6d4 Qa3a6
26.e6 Rf7f8
27.Rc2c7 Ra8c8
28.Rc7xc8 Bb7xc8
29.Bb1xf5 Rf8xf5
30.Nd4xf5 Bc8xe6
31.Nf5xe7 Qa6d3
32.g3 a5
33.Rc1c7 Qd3b1
34.Kg2 Qb1e4
35.Kf1 Be6xh3
36.Kg1 Qe4g2
{ resign }
0-1

[Event "Tourn. n8844"]
[Site "www.chess-mail.com"]
[Date "2016.08.22"]
[Round "1"]
[White "B0zata"]
[Black "Abuelo"]
[WhiteElo "2250"]
[BlackElo "2200"]
[Result "1-0"]
[Round "1"]
1.d4 d5
2.Ng1f3 Bc8f5
3.Nb1c3 e6
4.Bc1g5 Bf8e7
5.Bg5xe7 Ng8xe7
6.e3 O-O
7.h3 a6
8.Bf1d3 Nb8c6
9.Bd3xf5 Ne7xf5
10.a3 h6
11.O-O Qd8d6
12.b4 Nc6e7
13.Nc3e2 Ne7g6
14.Qd1d3 c6
15.c4 dxc4
16.Qd3xc4 b5
17.Qc4c2 a5
18.Ra1b1 axb4
19.axb4 Rf8c8
20.Rf1d1 Ra8a4
21.Qc2c5 Rc8d8
22.Ne2c3 Ra4a8
23.Nc3e4 Qd6c7
24.Rd1c1 Ng6e7
25.g4 Nf5d6
26.Ne4xd6 Rd8xd6
27.e4 Ra8a3
28.Kg2 Ra3a6
29.Rb1a1 Ra6xa1
30.Rc1xa1 Rd6d7
31.Nf3e5 Rd7d6
32.Ra1a8 Ne7c8
33.Ra8a5 f6
34.Ne5f3 Qc7d7
35.Ra5a6 Qd7b7
36.Ra6a1 Kh7
37.Ra1c1 Nc8e7
38.Qc5xd6 { resign }
1-0

[Event "Tourn. n8807"]
[Site "www.chess-mail.com"]
[Date "2016.08.22"]
[Round "1"]
[White "Wwgia"]
[Black "Osopanda"]
[WhiteElo "1990"]
[BlackElo "1960"]
[Result "1-0"]
[Round "1"]
1.d4 d5
2.c4 e6
3.Nb1c3 Ng8f6
4.Ng1f3 c6
5.Bc1g5 Bf8e7
6.e3 O-O
7.Qd1c2 Nb8d7
8.Bf1e2 Rf8e8
9.O-O h6
10.Bg5h4 a6
11.c5 Qd8c7
12.Bh4g3 Qc7d8
13.Nf3e5 Nd7xe5
14.Bg3xe5 b6
15.b4 Bc8b7
16.a3 a5
17.Nc3a4 b5
18.Na4b6 axb4
19.Nb6xa8 Bb7xa8
20.axb4 Nf6d7
21.Ra1a5 Nd7xe5
22.dxe5 f6
23.Rf1a1 Ba8b7
24.exf6 Be7xf6
25.Ra1a2 e5
26.Qc2f5 Bb7c8
27.Qf5g6 d4
28.Ra5a7 Bc8e6
29.Ra2d2 Re8e7
30.Ra7xe7 Qd8xe7
31.h3 dxe3
32.fxe3 e4
33.Qg6xe4 Be6d5
34.Qe4xe7 Bf6xe7
35.Be2f3 Bd5xf3
36.gxf3 Kf7
37.Rd2d7 Ke6
38.Rd7c7 Be7f6
39.Rc7xc6 Kd5
40.Rc6xf6 gxf6
41.e4 Ke5
42.Kf2 { resign }
1-0

[Event "Match"]
[Site "www.echecsemail.com"]
[Date "2016.08.22"]
[Round "1"]
[White "Bojan"]
[Black "Mitja"]
[WhiteElo "1800"]
[BlackElo "1900"]
[Result "1-0"]
[Round "1"]
1.e4 d5
2.exd5 Qd8xd5
3.Nb1c3 Qd5d8
4.Bf1c4 e6
5.d4 c6
6.a3 h6
7.Bc1e3 Nb8d7
8.Ng1f3 Nd7b6
9.Bc4d3 Ng8f6
10.O-O Bf8d6
11.Nf3e5 Nb6d5
12.Nc3xd5 Nf6xd5
13.Be3d2 Qd8c7
14.h3 Bd6xe5
15.dxe5 Qc7xe5
16.Qd1f3 Qe5xb2
17.Qf3g3 b6
18.Bd3e4 Qb2d4
19.Be4d3 Qd4f6
20.c4 Nd5e7
21.Ra1c1 Ne7g6
22.Bd2c3 Qf6f4
23.Bc3xg7 Rh8g8
24.Bg7c3 Qf4g5
25.Qg3c7 Ng6e7
26.Bd3e4 Bc8d7
27.Rc1d1 Ra8d8
28.Rd1d3 f5
29.Rd3g3 Qg5h5
30.Be4f3 Qh5f7
31.Rg3xg8 Qf7xg8
32.Bf3h5 Ne7g6
33.Bc3f6 Rd8c8
34.Qc7xa7 Qg8f7
35.Bf6e5 Ke7
36.Rf1d1 Rc8d8
37.Qa7xb6 f4
38.Qb6c7 Qf7f5
39.Be5d6 Ke8
40.Bh5f3 Ng6h4
41.Bf3xc6 Qf5f7
42.Bd6xf4 Qf7g7
43.Bf4g3 Nh4f5
44.Bg3e5 Qg7f7
45.a4 Qf7e7
46.a5 Bd7xc6
47.Qc7xc6 Kf7
48.Rd1xd8 Qe7xd8
49.Qc6c7 Qd8xc7
50.Be5xc7 Nf5e7
51.a6 Ne7c8
52.Bc7b8 Nc8b6
53.a7 Ke7
54.Bb8c7 Nb6a8
55.c5 Kd7
56.Bc7b6 Kc6
57.Kh2 Kb7
58.Kg3 { resign }
1-0

[Event "Match"]
[Site "www.echecsemail.com"]
[Date "2016.08.22"]
[Round "1"]
[White "Rindrandria"]
[Black "Ranjachess"]
[WhiteElo "1660"]
[BlackElo "1750"]
[Result "0-1"]
[Round "1"]
1.e4 e5
2.Ng1f3 Nb8c6
3.a3 Ng8f6
4.d4 d6
5.d5 Nc6d4
6.Nf3xd4 exd4
7.Qd1xd4 Bf8e7
8.e5 c5
9.dxc6 bxc6
10.exf6 Be7xf6
11.Qd4a4 Bc8d7
12.Nb1c3 Qd8b6
13.Qa4e4 Bd7e6
14.Bf1b5 Bf6xc3
15.bxc3 Qb6xb5
16.c4 Qb5e5
17.f3 Qe5xa1
18.Qe4xc6 Ke7
19.O-O Qa1d4
20.Kh1 Be6xc4
21.Qc6c7 Kf6
22.c3 Qd4d5
23.Rf1e1 Rh8e8
24.Bc1e3 Re8xe3
25.Re1g1 Re3e7
26.Qc7xe7 Kxe7
27.h3 Ra8b8
28.Rg1e1 Kf8
29.Re1e4 f5
30.Re4d4 Rb8b1
31.Kh2 Qd5e5
32.f4 Qe5e2
33.Rd4xd6 Qe2f1
34.Rd6c6 Qf1xf4
35.g3 Qf4f2

0-1

[Event "Match"]
[Site "www.echecsemail.com"]
[Date "2016.08.22"]
[Round "1"]
[White "Fabos12"]
[Black "Mdesouza"]
[WhiteElo "1860"]
[BlackElo "2310"]
[Result "0-1"]
[Round "1"]
1.Ng1f3 Ng8f6
2.d4 d5
3.c4 e6
4.Nb1c3 Bf8e7
5.Bc1g5 O-O
6.Bg5xf6 Be7xf6
7.cxd5 exd5
8.e3 c6
9.e4 dxe4
10.Nc3xe4 Rf8e8
11.Qd1c2 Bc8f5
12.Bf1d3 Qd8d5
13.O-O-O Bf5xe4
14.Rh1e1 Qd5xa2
15.Bd3xe4 Qa2a1
16.Kd2 Qa1a5
17.Qc2c3 Qa5d8
18.Re1e3 Nb8a6
19.Ke1 Qd8b6
20.Kf1 Ra8d8
21.Be4c2 c5
22.Re3xe8 Rd8xe8
23.Rd1e1 Re8xe1
24.Qc3xe1 g6
25.dxc5 Qb6xb2
26.Qe1b1 Qb2xb1
27.Bc2xb1 Na6xc5
28.Bb1a2 b5
29.Ke2 b4
30.Nf3d2 a5
31.Nd2b3 Nc5e4
32.Nb3c1 Ne4c3
33.Kd3 Nc3xa2
34.Nc1xa2 b3
35.Na2c3 Bf6xc3
36.Kxc3 a4
37.f4 f5
38.Kb2 Kf7
39.Ka3 Ke6
40.h3 Kd5
41.g4 Ke4
42.gxf5 Kxf5
{ resign }
0-1